Statistics for Items Used To Escape Dr. Crow's Mansion

Click here to take the quiz!

General Stats

  • This quiz has been taken 13 times
  • The average score is 13 of 14

Answer Stats

ModeAnswer% Correct
NormalBasketball
100%
HardCopper Key
100%
EasyKey Ring
100%
HardRemote Control
100%
NormalRuined Bedroom Key
100%
HardScrewdriver
100%
EasySmall Key
100%
HardSteel Key
100%
HardStrange Book
100%
NormalStuffed Animal
100%
HardTire Iron
100%
HardValve
100%
NormalBolt Cutters
75%
NormalLeaflet
50%

Score Distribution

Percentile by Number Answered

Percent of People with Each Score

Your Score History

You have not taken this quiz